000
00292nam a22001337a 4500
008
170810b xxu||||| |||| 00| 0 eng d
020
_a
099751009400
041
_a
eng
080
_a
004
100
_a
35
101
_a
SHK
245
_a
POWERPOINT 97 INTRODUCTION
_c
DAVIS,Z
942
_2
udc
_c
BK
999
_c
23094
_d
23094